000 00304nam a2200109Ia 4500
008 220630s9999 xx 000 0 und d
020 _a0-7981-1584-X
082 _aAF DEKO
100 _aDe Kock, Helene
_967844
245 0 _aPLEK VAN DIE BITTERMAAN
942 _cBK
_w561
_xJohn Tresidder
_y
_zCRON CRON
999 _c691938
_d691937